000 01479nam a2200313 i 4500
003 EG-GICUC
005 20260211131310.0
008 260211s19861406ua ||||fr|||| 00| 0 ara d
040 _a EG-GICUC
_bara
_c EG-GICUC
_d EG-GICUC
_erda
041 _aara
082 0 4 _221
_a343.9106
_bم ت
092 0 4 _221
099 _aLaw1 10 343.9106 م ت 1986
110 1 _aالمركز العربي للدراسات الأمنية والتدريب بالرياض
_cالرياض
_eمؤلف.
245 1 2 _aالمتهم وحقوقه فى الشريعة الاسلامية.
_cالمركز العربي للدراسات الأمنية والتدريب بالرياض.
_nالجزء الثانى،
264 1 _aالرياض :
_bالمركز العربي للدراسات الأمنية والتدريب بالرياض،
_c1986.
300 _a345 صفحة ;
_c24 سم.
336 _2rda content
_atext
337 _2rda media
_aComputer
338 _2rda carrier
_aOnline Resource
504 _aيشتمل على إرجاعات ببليوجرافية.
505 _aأبحاث الندوة العلمية الأولى - الخطة الأمنية الوقائية العربية الأولى -.
546 _aالنص باللغة العربية
650 1 _aالقانون الجنائي
650 1 _aالنظام الجنائي الإسلامي
_xمؤلفات جماعية
856 4 0 _uhttps://fll.law.cu.edu.eg/fulltext/bks/B10-08318.pdf
905 _a43
942 _2ddc
_n0
_cBK
_e21
999 _c62594
_d62594